00150 a2200061 4500100003800000245002800038260002200066 aBali, N. P. and Iyenger, Narayana aEngineering mathematics bLaxmi Publication